Alborada I (poesía)
Gespeichert in:
| 1. Verfasser: | |
|---|---|
| Format: | Buch |
| Sprache: | Undetermined |
| Veröffentlicht: |
Quito, Ecuador
Técnica Moderna
1980
|
| Schlagworte: | |
| Tags: |
Tag hinzufügen
Keine Tags, Fügen Sie den ersten Tag hinzu!
|
MARC
| LEADER | 00000nam a2200000Ia 4500 | ||
|---|---|---|---|
| 008 | 170316s9999 xx 000 0 und d | ||
| 040 | |a cru BVZT | ||
| 090 | |a 860 B-16a v.1 | ||
| 100 | |a Bazante Chiriboga, Ruth; Izquierdo, Isabel; Martínez Rosero, Sonia. |9 1758 | ||
| 245 | |a Alborada I (poesía) |c / Bazante Chiriboga, Ruth; Izquierdo, Isabel; Martínez Rosero, Sonia | ||
| 260 | |a Quito, Ecuador | ||
| 260 | |b Técnica Moderna | ||
| 260 | |c 1980 | ||
| 300 | |a 117 páginas | ||
| 650 | |a LITERATURA LATINOAMERICANA |9 15 | ||
| 999 | |c 8382 |d 8382 | ||
| 942 | |c 15 D |h 860 B-16a v.1 |2 z | ||
